000 00918nam a2200277Ia 4500
003 OSt
005 20220928120428.0
006 a|||||r|||| 00| 0
007 ta
008 220927b |||||||| |||| 00| 0 eng d
020 _cUKP 115.00
024 _a141460
037 _b32, 13/12/2019, Better Book Service
_cTextual
040 _aSDCL
_cSDCL
_beng
041 _2eng
_aeng
082 _aQ.43(R), Q9
100 _aBlack Brian Ed.
_9413460
245 0 _aIn dialogue with classical Indian traditions
260 _aNew York
_b Routledge
_c2019
300 _axii,281p.
_ccm.
490 _aDialogues in south asian traditions: Religion, philosophy, literature and history
650 _aPhilosophy
700 _a Ram-Prasad Chakravarthi
_9449190
942 _hQ.43(R), Q9
_cTEXL
_2CC
999 _c763651
_d763651